005250000a22001690004500003001100000005001700011008004100028020001500069040003900084041000800123082001900131100002400150245010000174260003100274300002000305650003000325LK-CoMWRAF20231003155157.0230817t1997 ||||| |||| 00| 0 eng d a8170131529 aLK-CoMWRAFdLK-CoMWRAFeLK-CoMWRAF aeng a324.95493bWAR aWisva Warnapala W.A aProvincial Politics in Sri Lanka:ban analysis of the southern provincial council election,1994 aNew Delhi:bNavrang,c1997 a123 p. ; 23 cm. aLOCAL ELECTIONS-Sri Lanka